Statistiche per Film di Bud Spencer e Terence Hill

Clicka qui per fare il quiz!

Statistiche generali

  • Questo quiz è stato fatto 138 volte
  • Il punteggio medio è 9 su 18

Statistiche sulle risposte

AnnoFilm% Corretto
1970Lo chiamavano Trinità...
97%
1974...Altrimenti ci arrabbiamo!
88%
1971...Continuavano a chiamarlo Trinità
85%
1981Chi trova un amico trova un tesoro
65%
1977I due superpiedi quasi piatti
59%
1979Io sto con gli ippopotami
54%
1994Botte di Natale
53%
1983Nati con la camicia
53%
1984Non c'è due senza quattro
52%
1978Pari e dispari
52%
1985Miami supercops - I poliziotti dell'8^ strada
42%
1972...Più forte ragazzi!
36%
1968I quattro dell'Ave Maria
35%
1974Porgi l'altra guancia
29%
1967Dio perdona... io no!
28%
1969La collina degli stivali
15%
1971Il corsaro nero
12%
1959Annibale
11%

Distribuzione punteggi

Percentile per numero di risposta

Percentuale di utenti per punteggio

I tuoi punteggi nel tempo

Non hai fatto questo quiz